Language Quiz

Random Language or Letter Quiz
Score 0/10 Timer 02:00
5 Plays Today
Clue R-Word % Correct
Movie rating between PG-13 and NC-17R
100%
A motor home, especially that used for campingRV
95.9%
A line from the center of a circle to any point on the circumferenceradius
93.4%
A grass used for making some types of whiskeyrye
89.2%
A sport with hookers and scrumsrugby
84.1%
500 sheets of paperream
82.1%
An appliance that cooks and spins food on a spitrotisserie
63.8%
A musical composition with improvisational components, like Gershwin's one 'in Blue'rhapsody
60.7%
A mass for the deadrequiem
52.8%
A red-leafed chicory used as a salad greenradicchio
31.3%
Remove Ads.
Support Sporcle.
Get the best of Sporcle when you Go Orange. This ad-free experience offers more features, more stats, and more fun while also helping to support Sporcle. Thank you for becoming a member.

You're not logged in!

Compare scores with friends on all Sporcle quizzes.
OR
Log In

Show Comments

Extras

Top Quizzes Today


Score Distribution

Your Account Isn't Verified!

In order to create a playlist on Sporcle, you need to verify the email address you used during registration. Go to your Sporcle Settings to finish the process.

Report this User

Report this user for behavior that violates our Community Guidelines.

Details: